Sửa đổi lối làm việc

Nội dung quyển sách vạch ra những khuyết điểm, lệch lạc; chấn chỉnh nhận thức tư tưởng, nâng cao trình độ chính trị, lý luận, phẩm chất đạo đức, năng lực công tác của cán bộ, đảng viên, đáp ứng yêu cầu ngày càng cao của cách mạng...

Descripción completa

Guardado en:
Detalles Bibliográficos
Autor principal: X.Y.Z (Hồ Chí Minh)
Formato: Libro
Lenguaje:Undetermined
Publicado: Thành phố Hồ Chí Minh Trẻ 2008
Materias:
Etiquetas: Agregar Etiqueta
Sin Etiquetas, Sea el primero en etiquetar este registro!
Thư viện lưu trữ: Trung tâm Học liệu Trường Đại học Cần Thơ
LEADER 00927nam a2200205Ia 4500
001 CTU_133643
008 210402s9999 xx 000 0 und d
020 |c 14500 
082 |a 172 
082 |b M312 
100 |a X.Y.Z (Hồ Chí Minh) 
245 0 |a Sửa đổi lối làm việc 
245 0 |c X.Y.Z. 
260 |a Thành phố Hồ Chí Minh 
260 |b Trẻ 
260 |c 2008 
520 |a Nội dung quyển sách vạch ra những khuyết điểm, lệch lạc; chấn chỉnh nhận thức tư tưởng, nâng cao trình độ chính trị, lý luận, phẩm chất đạo đức, năng lực công tác của cán bộ, đảng viên, đáp ứng yêu cầu ngày càng cao của cách mạng 
650 |a Political ethics,Đạo đức chính trị 
904 |i Năm 
980 |a Trung tâm Học liệu Trường Đại học Cần Thơ